Azulejos datados (Record no. 2405)

MARC details
000 -CABECERA
campo de control de longitud fija 00485nam a2200193 a 4500
001 - NÚMERO DE CONTROL
campo de control BRCA_2665
005 - FECHA Y HORA DE LA ÚLTIMA TRANSACCIÓN
campo de control 20190320203920.0
008 - DATOS DE LONGITUD FIJA--INFORMACIÓN GENERAL
campo de control de longitud fija 021208s1922----po-a---###---#000-0#spa-u
050 #4 - SIGNATURA TOPOGRÁFICA DE LA BIBLIOTECA DEL CONGRESO
Número de clasificación NK4670
Número de documento/Ítem .C67 1922
100 1# - ENTRADA PRINCIPAL--NOMBRE DE PERSONA
Nombre de persona Correia, Vergilio
9 (RLIN) 7567
245 10 - MENCIÓN DE TÍTULO
Título Azulejos datados
Mención de responsabilidad, etc. Vergilio Correia.
250 ## - MENCIÓN DE EDICIÓN
Mención de edición 2
260 ## - PUBLICACIÓN, DISTRIBUCIÓN, ETC.
Lugar de publicación, distribución, etc. Lisboa
Nombre del editor, distribuidor, etc. L. da Silva
Fecha de publicación, distribución, etc. 1922
300 ## - DESCRIPCIÓN FÍSICA
Extensión 87 p.
Otras características físicas il.
Dimensiones 25 cm.
500 ## - NOTA GENERAL
Nota general A109
650 14 - PUNTO DE ACCESO ADICIONAL DE MATERIA--TÉRMINO DE MATERIA
Término de materia o nombre geográfico como elemento de entrada Azulejos portugueses
9 (RLIN) 7568
902 ## - CATALOGADOR
Iniciales GFM
942 ## - ELEMENTOS DE PUNTO DE ACCESO ADICIONAL (KOHA)
Fuente del sistema de clasificación o colocación Library of Congress Classification
Tipo de ítem Koha Libros
Holdings
Estado de retiro Estado de pérdida Estado dañado No para préstamo Localización permanente Ubicación/localización actual Fecha de adquisición Número de inventario Total de préstamos Signatura topográfica completa Código de barras Fecha visto por última vez Precio válido a partir de Tipo de ítem Koha
El ejemplar forma parte de la colección y puede ser consultado según las políticas vigentes.       Biblioteca del Museo Franz Mayer (Rogerio Casas-Alatriste) Biblioteca del Museo Franz Mayer (Rogerio Casas-Alatriste) 02/12/2008 A109   NK4670 .C67 1922 (A109) 2662 22/03/2019 22/03/2019 Libros